La Faula de les abelles i altres assaigs / Bernard de Mandeville ; traducció de Josep Sales i Boguñà ; edició a cura de Lluís Flaquer ; pròleg d'Ernest Lluch

per Mandeville, Bernard de

Publicat: Barcelona : Edicions 62 : Diputació de Barcelona , 1988
Descripció física: 325 p. ; 20 cm

MARC

LEADER 00000nam a2200000Ia 4500
001 8909
008 160829s1988 xx 000 0 cat d
080 |a F-1-23 
100 |a Mandeville, Bernard de  |9 35705 
245 |a La Faula de les abelles i altres assaigs / Bernard de Mandeville ; traducció de Josep Sales i Boguñà ; edició a cura de Lluís Flaquer ; pròleg d'Ernest Lluch 
260 |a Barcelona :  |b Edicions 62 :  |b Diputació de Barcelona,  |c 1988 
300 |a 325 p. ;  |c 20 cm 
490 |a Clàssics del pensament modern ; 42 
700 |a Sales i Boguñà, Josep, tr.   |9 35706  |e traductor 
700 1 |a Flaquer, Lluís,   |d 1946-  |e editor  |9 35707 
700 |a Lluch, Ernest,  |d 1937-2000  |e autor del pròleg  |9 23386 
710 1 |a Barcelona (Catalunya : Província).  |b Diputació  |9 52408 
901 |a Arxiu 
942 |n 1  |2 udc 
952 |0 0  |1 0  |4 0  |6 F123  |7 1  |9 47035  |a Arxiu  |b Arxiu  |d 2016-12-01  |l 0  |o F-1-23  |p 8909  |r 2016-12-01 00:00:00  |w 2016-12-01  |y ARXIU 
999 |c 50828  |d 50828